[Event "Backwards Pawns: Testing Backwards Pawns"]
[Site "SchemingMind.com"]
[Date "2022.07.13"]
[Round "-"]
[White "Schaakmaatje"]
[Black "*chessnut*"]
[Result "1-0"]
[WhiteCountry "NED"]
[BlackCountry "FRA"]
[WhiteElo "1712"]
[WhiteRD "118"]
[BlackElo "1171"]
[BlackRD "139"]
[GameID "725249"]

1. e4 e5 2. Nf3 d6 3. Bc4 Nf6 4. d3 Nc6 5. h3 Be6 6. Bxe6 fxe6 7. Nc3 a6 8. Bg5 Be7 9. O-O Nh5 10. Bxe7 Qxe7
11. Nxe5 Nxe5 12. Qxh5+ g6 13. Qe2 c5 14. f4 Nc6 15. a3 Nd4 16. Qd2 O-O-O 17. Ne2 e5 18. Nxd4 exd4 19. f5 Qf6 20. fxg6 Qxg6
21. Rf5 Rhf8 22. Raf1 Qg7 23. Qf4 Rfe8 24. Rf7 Qg6 25. Rf6 Qh5 26. Rxd6 Re5 27. Rxd8+ Kxd8 28. Qf8+ Re8 29. Qd6+ Kc8 30. Rf5 Qd1+
31. Kh2 Qxc2 32. Rxc5+ Qxc5 33. Qxc5+
1-0

[Event "Backwards Pawns: Testing Backwards Pawns"]
[Site "SchemingMind.com"]
[Date "2022.07.13"]
[Round "-"]
[White "*chessnut*"]
[Black "Schaakmaatje"]
[Result "0-1"]
[WhiteCountry "FRA"]
[BlackCountry "NED"]
[WhiteElo "1171"]
[WhiteRD "139"]
[BlackElo "1712"]
[BlackRD "118"]
[GameID "725250"]

1. d4 d5 2. c4 c6 3. e3 Bf5 4. Nc3 e6 5. Nf3 h6 6. h3 Nf6 7. Ne5 Nbd7 8. Nxd7 Qxd7 9. c5 Be7 10. Be2 O-O
11. g4 Bh7 12. h4 b6 13. b4 a5 14. Na4 Bd8 15. cxb6 axb4 16. Nc5 Qe7 17. b5 cxb5 18. Bxb5 Bb6 19. Nb3 Rfc8 20. Bd2 Ne4
21. O-O Nc3 22. Qe1 Qxh4 23. f3 Qxe1 24. Bxe1 Nxb5 25. Bxb4 Nc3 26. a3 Bd3 27. Rf2 Na4 28. Rd1 Bc2 29. Rc1 Bxb3 30. Rff1 Bc4
31. Rf2 Ba5 32. Kg2 Bxb4 33. axb4 Nb6 34. Rc3 Bf1+
0-1

[Event "Backwards Pawns: Testing Backwards Pawns"]
[Site "SchemingMind.com"]
[Date "2022.07.13"]
[Round "-"]
[White "Schaakmaatje"]
[Black "DANDYLIONHONEYBADGER"]
[Result "1-0"]
[WhiteCountry "NED"]
[BlackCountry "USA"]
[WhiteElo "1712"]
[WhiteRD "118"]
[BlackElo "1216"]
[BlackRD "150"]
[GameID "725251"]

1. e4 e5 2. Bc4 e6 3. Nf3 f6 4. d4 Ne7 5. d5 e5 6. O-O d6 7. Be3 b6 8. h3 Ba6 9. Bxa6 Nxa6 10. c4 c6
11. d4 exd4 12. Nxd4 Qd7 13. Nc3 f5 14. exf5 Nxf5 15. Re1 Nxe3 16. Rxe3+ Be7 17. Qe2 g6 18. Re1 Kd8 19. Rxe7 Qxe7 20. Qxe7+
1-0

[Event "Backwards Pawns: Testing Backwards Pawns"]
[Site "SchemingMind.com"]
[Date "2022.07.13"]
[Round "-"]
[White "DANDYLIONHONEYBADGER"]
[Black "Schaakmaatje"]
[Result "0-1"]
[WhiteCountry "USA"]
[BlackCountry "NED"]
[WhiteElo "1216"]
[WhiteRD "150"]
[BlackElo "1712"]
[BlackRD "118"]
[GameID "725252"]

1. e4 e5 2. Nf3 Nc6 3. c3 Nf6 4. h3 a6 5. Ng5 h6 6. Nf3 d5 7. d3 dxe4 8. dxe4 Qxd1+ 9. Kxd1 Nxe4 10. Be3 Be6
11. b3 O-O-O+ 12. Bd3 Rxd3+ 13. Nbd2 Rd7 14. Kc2 Nxd2 15. Bxd2 f6 16. Rad1 Be7 17. b4 Rhd8 18. a3 Bf5+ 19. Kc1 a5 20. b5 Bxa3#
0-1

[Event "Backwards Pawns: Testing Backwards Pawns"]
[Site "SchemingMind.com"]
[Date "2022.07.16"]
[Round "-"]
[White "surfnsuds"]
[Black "wight knight"]
[Result "1-0"]
[WhiteCountry "USA"]
[BlackCountry "ENG"]
[WhiteElo "1127"]
[WhiteRD "117"]
[BlackElo "1067"]
[BlackRD "128"]
[GameID "725330"]

1. d4 d5 2. c4 dxc4 3. d3 c5 4. e4 Bg4 5. Be2 Bxe2 6. Nxe2 e5 7. d4 exd4 8. Nd2 g5 9. Qa4+ Qd7 10. Qxd7+ Nxd7
11. Nc4 d3 12. Nc3 d4 13. Nd5 Rc8 14. O-O b5 15. Nd2 c6 16. Re1 cxd5 17. exd5+ Kd8 18. Nf3 f6 19. Nxd4 c5 20. Nxb5 Bh6
21. Nxa7 Rc7 22. Nb5 Rb7 23. Nd6 Rb6 24. Nf7+ Kc7 25. Nxh8 Ne5 26. Rd1 Bg7 27. Be3 Bxh8 28. Bxc5 Rxb2 29. d6+ Kd7 30. Ba3 Rb5
31. Rac1 Nc6 32. Rc2 f5 33. Rdc1 Be5 34. Rxc6 Bb2 35. Rc7+ Ke6 36. Rd1 Bxa3 37. d7 Be7 38. g3 Rd5 39. Re1+ Re5 40. Rxe5+ Kxe5
41. Rc8 Nf6 42. d8=Q Bxd8 43. Rxd8 g4 44. a4 Ne4 45. a5 Nc5 46. Rc8 Na6 47. Rh8 Kf6 48. Rxh7 Ke5 49. Rb7 Ke4 50. Rb6 Nc7
51. a6 Na8 52. Rb8 Nc7 53. a7 f4 54. Re8+ Kf3 55. Rc8 Nd5 56. a8=Q Ke2 57. Qxd5 fxg3 58. Re8#
1-0

[Event "Backwards Pawns: Testing Backwards Pawns"]
[Site "SchemingMind.com"]
[Date "2022.07.16"]
[Round "-"]
[White "wight knight"]
[Black "surfnsuds"]
[Result "1-0"]
[WhiteCountry "ENG"]
[BlackCountry "USA"]
[WhiteElo "1067"]
[WhiteRD "128"]
[BlackElo "1127"]
[BlackRD "117"]
[GameID "725331"]

1. e4 e5 2. Bc4 c6 3. b3 b5 4. Bd3 Qa5 5. c3 b4 6. cxb4 Qxb4 7. Ba3 Qd4 8. Nc3 Qxd3 9. Bxf8 Kxf8 10. Qf3 Qxf3
11. Nxf3 d6 12. O-O Be6 13. Ng5 Bg4 14. f3 Bd7 15. h4 h6 16. Nh3 Bxh3 17. gxh3 Nf6 18. a4 d7 19. a5 Ke7 20. Rae1 d5
21. exd5 cxd5 22. Rxe5+ Kd7 23. h5 Nc6 24. Re3 Rhe8 25. Na4 Rxe3 26. dxe3 Rb8 27. Rd1 Kd6 28. e4 d4 29. Rb1 Nxa5 30. b4 Nc4
31. f4 Nxe4 32. Rd1 Ned2 33. f5 Rxb4 34. f6 Rxa4 35. fxg7 Nf3+ 36. Kf2
1-0

[Event "Backwards Pawns: Testing Backwards Pawns"]
[Site "SchemingMind.com"]
[Date "2022.07.16"]
[Round "-"]
[White "JPT"]
[Black "wight knight"]
[Result "1-0"]
[WhiteCountry "INT"]
[BlackCountry "ENG"]
[WhiteElo "1419"]
[WhiteRD "129"]
[BlackElo "1140"]
[BlackRD "180"]
[GameID "725332"]

1. e4 e5 2. Nf3 f6 3. Bc4 b6 4. O-O Bc5 5. Nc3 c6 6. d4 Ba6 7. Bxa6 Nxa6 8. dxc5 bxc5 9. Qd6 Qe7 10. Qxe7+ Nxe7
11. Be3 Nb4 12. Bxc5 Nxc2 13. Rac1 Nd4 14. Bxd4 g5 15. Bc5 Ng6 16. Nd2 Rb8 17. b3 Nf4 18. Bd6 h5 19. Bxb8 Nd3 20. Rcd1 O-O
21. Nc4 Nf4 22. Rxd7 Rxb8 23. Rfd1 Ng6 24. Rd8+ Rxd8 25. Rxd8+
1-0

[Event "Backwards Pawns: Testing Backwards Pawns"]
[Site "SchemingMind.com"]
[Date "2022.07.16"]
[Round "-"]
[White "wight knight"]
[Black "JPT"]
[Result "0-1"]
[WhiteCountry "ENG"]
[BlackCountry "INT"]
[WhiteElo "1067"]
[WhiteRD "128"]
[BlackElo "1467"]
[BlackRD "126"]
[GameID "725333"]

1. e4 e5 2. Bc4 c6 3. Qf3 Nf6 4. d3 d5 5. exd5 cxd5 6. Bg5 Be7 7. Bxf6 Bxf6 8. Qxd5 Qxd5 9. Bxd5 e6 10. Nc3 Bxc3+
11. Ke2 exd5 12. bxc3 O-O 13. d4 Bf5 14. Rb1 b6 15. Kd2 Nc6 16. Nf3 Na5 17. Ne5 f6 18. Nf3 Nc4+ 19. Kc1 Rfe8 20. h3 Re2
21. d3 Nd6 22. g4 Rxf2 23. gxf5 Rxf3 24. a4 Re8 25. c4 Re2 26. cxd5 Rff2 27. Rb2 Nxf5 28. a5 bxa5 29. h4 Nd4 30. Kb1 Nxc2
31. d2 Rxd2 32. Rc1 Na3+ 33. Ka2 Rxb2+ 34. Kxa3 Rb6 35. Rc8+ Kf7 36. Rc7+ Kg6 37. Rxa7 Rf1 38. Rxa5 Ra1#
0-1

[Event "Backwards Pawns: Testing Backwards Pawns"]
[Site "SchemingMind.com"]
[Date "2022.07.16"]
[Round "-"]
[White "Ilang"]
[Black "wight knight"]
[Result "1-0"]
[WhiteCountry "HUN"]
[BlackCountry "ENG"]
[WhiteElo "1876"]
[WhiteRD "131"]
[BlackElo "1140"]
[BlackRD "180"]
[GameID "725334"]

1. e4 e5 2. Nf3 f6 3. Nc3 c6 4. d4 Bb4 5. dxe5 Bxc3+ 6. bxc3 b5 7. Ba3 Ba6 8. Qd4 Qa5 9. Bb4 Qb6 10. Bc5 Qa5
11. Bd3 b4 12. Bxb4 Qc7 13. Qc5 Kf7 14. Qf8+ Kg6 15. e3+ Bxd3 16. cxd3 a5 17. Bd6 Qb7 18. exf6 Qb2 19. Qxg7+ Kf5 20. Nd4#
1-0

[Event "Backwards Pawns: Testing Backwards Pawns"]
[Site "SchemingMind.com"]
[Date "2022.07.16"]
[Round "-"]
[White "wight knight"]
[Black "Ilang"]
[Result "0-1"]
[WhiteCountry "ENG"]
[BlackCountry "HUN"]
[WhiteElo "1140"]
[WhiteRD "180"]
[BlackElo "1876"]
[BlackRD "131"]
[GameID "725335"]

1. e4 e5 2. Bc4 Nf6 3. f3 Bc5 4. b3 Nxe4 5. g3 Nf2 6. Qe2 O-O 7. Ba3 Bxa3 8. Qxf2 Bb2 9. Ne2 Bxa1 10. c3 d5
11. Bd3 Qd6 12. g4 Nc6 13. Qh4 e4 14. fxe4 Ne5 15. e3 Nf3+ 16. Kd1 Nxh4 17. g3 Nf3
0-1

[Event "Backwards Pawns: Testing Backwards Pawns"]
[Site "SchemingMind.com"]
[Date "2022.07.20"]
[Round "-"]
[White "Abstract Actuary"]
[Black "wight knight"]
[Result "1-0"]
[WhiteCountry "USA"]
[BlackCountry "ENG"]
[WhiteElo "1690"]
[WhiteRD "138"]
[BlackElo "1067"]
[BlackRD "128"]
[GameID "725336"]

1. e4 e5 2. Nf3 f6 3. Nxe5 g6 4. Nf3 d6 5. Bc4 a6 6. O-O Bg4 7. h3 Bxf3 8. Qxf3 b5 9. Bb3 Nc6 10. c3 a5
11. d4 a4 12. Bc2 b4 13. Be3 Bh6 14. c4 Bxe3 15. fxe3 b3 16. axb3 Nb4 17. Bd1 axb3 18. Rxa8 Qxa8 19. Bxb3 f5 20. exf5 Qxf3
21. Rxf3 Nf6 22. fxg6 Ke7 23. gxh7 Rxh7 24. Nc3 Nd3 25. Bc2 Ne1 26. Bxh7 Nxf3+ 27. gxf3 Nxh7 28. h4 Nf6 29. Kg2 c6 30. Kg3 Nh5+
31. Kg4 Nf6+ 32. Kg5 Nh7+ 33. Kg6 Nf8+ 34. Kf5 Ne6 35. Ne4 Ng7+ 36. Kg6 Nf5 37. Kxf5
1-0

[Event "Backwards Pawns: Testing Backwards Pawns"]
[Site "SchemingMind.com"]
[Date "2022.07.16"]
[Round "-"]
[White "wight knight"]
[Black "Schaakmaatje"]
[Result "0-1"]
[WhiteCountry "ENG"]
[BlackCountry "NED"]
[WhiteElo "1067"]
[WhiteRD "128"]
[BlackElo "1712"]
[BlackRD "118"]
[GameID "725339"]

1. e4 e5 2. Bc4 Bc5 3. a3 Qh4 4. Qf3 Nf6 5. g3 Qxe4+ 6. Qxe4 Nxe4 7. Nf3 d6 8. d3 Nf6 9. Ng5 d5 10. Ba2 O-O
11. b4 Be7 12. f3 h6 13. h4 hxg5 14. hxg5 Nh7 15. Bxd5 Nxg5 16. Bxg5 Bxg5 17. Nc3 c6 18. Be4 Be7 19. Bh7+ Kh8 20. Bf5+ Kg8
21. Bxc8 Rxc8 22. O-O-O Nd7 23. Rh3 Nf8 24. Rdh1 Ng6 25. f4 exf4 26. gxf4 f6 27. f5 Ne5 28. Ne4 Kf7 29. f4 Ng4 30. c4 f5
31. Ng5+ Bxg5 32. Rh5 Bxf4+ 33. Kb1 Kg6 34. c5 Nf2 35. Rg1+ Kxh5 36. Rxg7 Rc7
0-1

[Event "Backwards Pawns: Testing Backwards Pawns"]
[Site "SchemingMind.com"]
[Date "2022.07.20"]
[Round "-"]
[White "magier72"]
[Black "wight knight"]
[Result "1-0"]
[WhiteCountry "GER"]
[BlackCountry "ENG"]
[WhiteElo "1269"]
[WhiteRD "121"]
[BlackElo "1067"]
[BlackRD "128"]
[GameID "725340"]

1. f4 f5 2. Nf3 d6 3. g3 b5 4. Bg2 h6 5. Nh4 g5 6. Ng6 Rh7 7. Bxa8 c6 8. e4 f6 9. Qh5 Kd7 10. d3 a5
11. fxg5 Na6 12. Rf1 Nc7 13. Nxf8+ Qxf8 14. g6 Rg7 15. Bxh6 Nxh6 16. Qxh6 Nxa8 17. g5 Rf7 18. Qg6 Nc7 19. Nd2 Ne6 20. Qf5 Ke8
21. g6 Rg7 22. h4 Nd4 23. Qxc8#
1-0

[Event "Backwards Pawns: Testing Backwards Pawns"]
[Site "SchemingMind.com"]
[Date "2022.07.16"]
[Round "-"]
[White "emakis"]
[Black "wight knight"]
[Result "1-0"]
[WhiteCountry "GRE"]
[BlackCountry "ENG"]
[WhiteElo "1674"]
[WhiteRD "131"]
[BlackElo "1140"]
[BlackRD "180"]
[GameID "725342"]

1. d4 Nc6 2. Nf3 f6 3. e4 g5 4. Nxg5 f7 5. Qh5 d6 6. Qxf7+ Kd7 7. Ne6 Nh6 8. Bxh6 Bxh6 9. Nxd8 Nxd8 10. Qf5+ e6
11. Qh5 Bg7 12. c3 a5 13. Bc4 b5 14. Qxb5+ c6 15. Qg5 a4 16. Qxg7+ e7 17. Qxh8
1-0

[Event "Backwards Pawns: Testing Backwards Pawns"]
[Site "SchemingMind.com"]
[Date "2022.07.16"]
[Round "-"]
[White "wight knight"]
[Black "emakis"]
[Result "0-1"]
[WhiteCountry "ENG"]
[BlackCountry "GRE"]
[WhiteElo "1067"]
[WhiteRD "128"]
[BlackElo "1724"]
[BlackRD "125"]
[GameID "725343"]

1. e4 c5 2. Bc4 e6 3. c3 Nc6 4. a4 Nf6 5. b4 cxb4 6. f3 Nxe4 7. g3 Nd6 8. Bb5 Be7 9. Bxc6 dxc6 10. cxb4 Nf5
11. Bb2 Bxb4 12. Bc3 Bxc3 13. dxc3 Qxd1+ 14. Kxd1 e5 15. Ne2 O-O 16. h4 Be6 17. g4 Rfd8+ 18. Nd2 Ne3+ 19. Kc1 Rd3 20. c2 Rd7
21. h5 Rad8 22. Ne4 Rd1+ 23. Kb2 Rxa1 24. Rxa1 b6 25. a5 bxa5 26. Rxa5 Nc4+ 27. Kc3 Nxa5 28. Nc1 g6 29. Nf6+ Kg7 30. g5 gxh5
31. Nxh5+ Kg6 32. Ng3 Kxg5 33. Ne4+ Kf4 34. Nf6 Bf5 35. f2 Kf3 36. Na2 c5 37. Nxh7 Bxh7 38. Kb2 Kxf2 39. c3 Rd2+ 40. Ka3 Rxa2+
41. Kxa2 e4 42. c4 e3 43. Ka3 Nxc4+ 44. Ka4 e2 45. Kb5 e1=Q 46. Kxc4 Qb4+ 47. Kd5 Qd4+ 48. Kc6 c4 49. Kb5 c3 50. Kc6 c2
51. Kb7 c1=Q 52. Ka8 Qc6+ 53. Kb8 Qdb6#
0-1

[Event "Backwards Pawns: Testing Backwards Pawns"]
[Site "SchemingMind.com"]
[Date "2022.07.16"]
[Round "-"]
[White "wight knight"]
[Black "*chessnut*"]
[Result "1-0"]
[WhiteCountry "ENG"]
[BlackCountry "FRA"]
[WhiteElo "1219"]
[WhiteRD "114"]
[BlackElo "1054"]
[BlackRD "123"]
[GameID "725344"]

1. e4 e5 2. Bc4 Nf6 3. f3 c6 4. b3 d5 5. exd5 cxd5 6. Bb5+ Nc6 7. Bxc6+ bxc6 8. Ba3 Bxa3 9. Nxa3 Qa5 10. Nb1 Bb7
11. Ne2 O-O-O 12. g4 d4 13. Qc1 c5 14. g5 Bxf3 15. Rg1 Ne4 16. Ng3 Nxg5 17. c3 Qa6 18. c4 Ne4 19. Nxe4 Bxe4 20. Rxg7 Bg6
21. Qa3 Qxa3 22. Nxa3 a6 23. O-O-O d3 24. h4 h5 25. Re1 e4 26. Rf1 Rhf8 27. Rf4 Rde8 28. Rf6 Re7 29. Rxa6 Kb7 30. Rf6 Kc7
31. Nb5+ Kd7 32. Rd6+ Kc8 33. Rc6+ Kd7 34. Rc7+ Ke6 35. Rc6+ Ke5 36. Rxc5+ Kf6 37. Rxg6+ Kxg6 38. Rc6+ f6 39. Kb2 Kf5 40. Nd4+ Kg4
41. a4 Kxh4 42. Nf5+ Kg4 43. Nxe7 h4 44. Nd5 Kf5 45. Ne3+ Kg5 46. a5 d4 47. Nf1 Re8 48. Rc5+ f5 49. Rc7 Kf4 50. Rh7 Kg4
51. a6 f4 52. a7 e3 53. dxe3 dxe3 54. Rg7+ Kf5 55. a8=Q Rxa8 56. Nh2 e2 57. Rg1 Re8 58. Nf3 h3 59. Ne1 Ke4 60. Kc2 Rd8
61. Rh1 Rd1 62. Rxh3 Rxe1 63. Kd2
1-0

[Event "Backwards Pawns: Testing Backwards Pawns"]
[Site "SchemingMind.com"]
[Date "2022.07.16"]
[Round "-"]
[White "*chessnut*"]
[Black "wight knight"]
[Result "0-1"]
[WhiteCountry "FRA"]
[BlackCountry "ENG"]
[WhiteElo "1054"]
[WhiteRD "123"]
[BlackElo "1219"]
[BlackRD "114"]
[GameID "725345"]

1. d4 Nc6 2. c4 e5 3. Be3 Bb4+ 4. Nc3 exd4 5. Bxd4 Nxd4 6. Qxd4 Bxc3+ 7. Qxc3 Qf6 8. Qd2 d6 9. e4 Ne7 10. Bd3 Nc6
11. Nf3 Bg4 12. Ng1 O-O 13. f3 Bh5 14. Ne2 a5 15. Ng3 g6 16. Rb1 a4 17. O-O a3 18. c3 Ne5 19. Be2 axb2 20. Rxb2 b6
21. f4 Bxe2 22. Qxe2 Nd7 23. Qe1 Nc5 24. e5 Qh4 25. Qe3 Rae8 26. Ne4 Nxe4 27. Qxe4 dxe5 28. g3 Qg4 29. Rg2 exf4 30. Qxf4 Qxf4
31. gxf4 h5 32. f5 h4 33. h3 Re3 34. fxg6 Kg7 35. gxf7+ Rg3 36. Kh2 Rxf7 37. Rxg3+ hxg3+ 38. Kg2 Rd7 39. Kxg3 Rd3+ 40. Rf3 Rd1
41. Kf4 c5 42. Ke4 b5 43. Rf5 b4 44. c4 Rd4+ 45. Ke5 Rxc4 46. Kd5 Rc2 47. h4 Rxa2 48. Kc4 Ra3 49. Rxc5 Ra4 50. Rc6 Kh7
51. Kb3 Ra1 52. Kxb4 Rh1 53. Rc4 Kh6
0-1

[Event "Backwards Pawns: Testing Backwards Pawns"]
[Site "SchemingMind.com"]
[Date "2022.07.20"]
[Round "-"]
[White "wight knight"]
[Black "DANDYLIONHONEYBADGER"]
[Result "1-0"]
[WhiteCountry "ENG"]
[BlackCountry "USA"]
[WhiteElo "1120"]
[WhiteRD "126"]
[BlackElo "1144"]
[BlackRD "130"]
[GameID "725346"]

1. e4 e5 2. Bc4 Nh6 3. h3 Be7 4. Qf3 O-O 5. d3 Bg5 6. Bxg5 Qxg5 7. h4 Qf4 8. Qxf4 d5 9. exd5 exf4 10. Nc3 Re8+
11. Kd2 a6 12. Nf3 c6 13. d6 b5 14. Bb3 Be6 15. Ne4 Bxb3 16. axb3 Nd7 17. b4 f5 18. Nc5 Nxc5 19. bxc5 Ng4 20. Rhe1 Nf6
21. Rxe8+ Nxe8 22. Re1 Nf6 23. Ne5 Rc8 24. d7 Rd8 25. f3 Nxd7 26. Nxd7 Rxd7 27. Re8#
1-0

[Event "Backwards Pawns: Testing Backwards Pawns"]
[Site "SchemingMind.com"]
[Date "2022.07.20"]
[Round "-"]
[White "DANDYLIONHONEYBADGER"]
[Black "wight knight"]
[Result "0-1"]
[WhiteCountry "USA"]
[BlackCountry "ENG"]
[WhiteElo "1147"]
[WhiteRD "111"]
[BlackElo "1219"]
[BlackRD "114"]
[GameID "725347"]

1. e4 e5 2. d4 e6 3. c4 Bb4+ 4. Bd2 Bxd2+ 5. Nxd2 Nc6 6. c3 a5 7. Bb5 b6 8. Bxc6 dxc6 9. Ngf3 f6 10. e5 Ne7
11. g4 Nd5 12. g3 g5 13. h3 a4 14. Ne4 a3 15. b3 f5 16. Nf6+ Nxf6 17. exf6 Qxf6 18. Ne5 Bb7 19. Qh5+ Ke7 20. g4 c5
21. Rg1 Rad8 22. O-O-O cxd4 23. cxd4 g6 24. g5 gxh5 25. gxf6+ Kxf6 26. Nf3 Bxf3 27. Rd2 c5 28. d3 Rhg8 29. Rg3 Rxg3 30. h2 Rg2
31. Kc2 b5 32. h4 Rh2 33. Kc3 b4+ 34. Kc4 Rxh4+ 35. Kxc5 Rc8+ 36. Kb6 Rd4
0-1